[Event "Belgrade Vucicevic Memorial"]
[Site "Belgrade"]
[Date "2022.11.11"]
[Round "3"]
[White "Mladenovic, Stefan"]
[Black "Ivanisevic, Ivan"]
[Result "0-1"]
[WhiteElo "2351"]
[BlackElo "2533"]
[PlyCount "82"]
[EventDate "2022.11.11"]
[EventType "swiss (blitz)"]
[EventRounds "13"]
[EventCountry "SRB"]
[SourceTitle "EXT 2024"]
[Source "ChessBase"]
[SourceDate "2023.10.10"]
[SourceVersion "1"]
[SourceVersionDate "2023.10.10"]
[SourceQuality "1"]

1. d4 Nf6 2. Nf3 e6 3. e3 b6 4. Bd3 Bb7 5. 0-0 Rg8 6. c4 g5 7. Nc3 g4 8. Nd2 Nc6 9. a3 Nh5 10. d5 Ne5 11. Be2 f5 12. Nb3 a6 13. Nd4 Qf6 14. Qa4 Bd6 15. g3 Kf7 16. Bd2 Rab8 17. b4 Qh6 18. Rfd1 Nf6 19. e4 Qh5 20. dxe6+ dxe6 21. exf5 Nf3+ 22. Nxf3 gxf3 23. fxe6+ Ke7 24. Bf1 Ng4 25. Bg5+ Rxg5 26. Qd7+ Kf6 27. h4 Rg7 28. e7 Rxe7 29. Rxd6+ Kf7 30. Qa4 cxd6 31. c5 dxc5 32. Bc4+ Kg7 33. Qc2 Rbe8 34. Rf1 b5 35. Ba2 c4 36. Nd1 Qe5 37. Bb1 Nf6 38. Ne3 Be4 39. Qc1 Bxb1 40. Qxb1 Qe4 41. Qb2 Rd7 0-1

[Event "Titled Tuesday intern op 01st Nov Late"]
[Site "Chess.com INT"]
[Date "2022.11.01"]
[Round "6"]
[White "Krzyzanowski, Marcin"]
[Black "Mladenovic, Stefan"]
[Result "1/2-1/2"]
[WhiteElo "2538"]
[BlackElo "2351"]
[PlyCount "146"]
[EventDate "2022.11.01"]
[EventType "swiss (blitz)"]
[EventRounds "11"]
[EventCountry "USA"]
[SourceTitle "EXT 2024"]
[Source "ChessBase"]
[SourceDate "2023.10.10"]
[SourceVersion "1"]
[SourceVersionDate "2023.10.10"]
[SourceQuality "1"]

1. d4 Nf6 2. Nc3 e6 3. e4 d5 4. e5 Nfd7 5. Nce2 c5 6. c3 Nc6 7. Nf3 b5 8. g3 b4 9. cxb4 cxd4 10. Nexd4 Bxb4+ 11. Bd2 Bxd2+ 12. Qxd2 Ncxe5 13. Nxe5 Nxe5 14. f4 Nd7 15. Bd3 0-0 16. 0-0 Nf6 17. Rac1 Qb6 18. Kh1 Bd7 19. Nf3 Rac8 20. Ne5 Rxc1 21. Rxc1 Rc8 22. Nxd7 Rxc1+ 23. Qxc1 Nxd7 24. Qc8+ Nf8 25. Qc2 Qe3 26. Kg2 g6 27. Qe2 Qxe2+ 28. Bxe2 Nd7 29. Kf3 Kf8 30. Ke3 Ke7 31. Kd4 Kd6 32. b4 f6 33. a4 e5+ 34. fxe5+ fxe5+ 35. Kc3 e4 36. Kd4 Nf8 37. a5 Ne6+ 38. Kc3 Ke5 39. b5 d4+ 40. Kc4 d3 41. Bg4 Nc7 42. b6 axb6 43. axb6 Na6 44. Bc8 Nb8 45. Kc3 Kd6 46. Bb7 Nc6 47. Ba8 Kc5 48. h4 Kxb6 49. g4 Kc5 50. h5 gxh5 51. gxh5 h6 52. Bb7 Kd6 53. Ba8 Kc7 54. Kd2 Kd7 55. Kc3 Kd6 56. Bb7 Kc5 57. Ba8 Kd6 58. Bb7 Ne5 59. Bxe4 Ke6 60. Bxd3 Kf6 61. Kd4 Nxd3 62. Kxd3 Kg5 63. Ke4 Kxh5 64. Kf3 Kh4 65. Kg2 Kg4 66. Kh2 h5 67. Kg2 h4 68. Kh2 h3 69. Kh1 Kh4 70. Kh2 Kg4 71. Kh1 Kg3 72. Kg1 h2+ 73. Kh1 Kh3 1/2-1/2

[Event "Titled Tuesday intern op 01st Nov Late"]
[Site "Chess.com INT"]
[Date "2022.11.01"]
[Round "7"]
[White "Mladenovic, Stefan"]
[Black "Becerra, Juan David"]
[Result "1-0"]
[WhiteElo "2351"]
[BlackElo "2292"]
[PlyCount "39"]
[EventDate "2022.11.01"]
[EventType "swiss (blitz)"]
[EventRounds "11"]
[EventCountry "USA"]
[SourceTitle "EXT 2024"]
[Source "ChessBase"]
[SourceDate "2023.10.10"]
[SourceVersion "1"]
[SourceVersionDate "2023.10.10"]
[SourceQuality "1"]

1. d4 Nf6 2. Nf3 d5 3. Bf4 c5 4. e3 Nc6 5. Nbd2 Bg4 6. c3 e6 7. Qb3 Qc8 8. h3 Bh5 9. Bd3 Be7 10. dxc5 Bxc5 11. 0-0 0-0 12. Rac1 Re8 13. Ne5 Nxe5 14. Bxe5 Nd7 15. Bg3 Bb6 16. e4 Nc5 17. Qc2 Nxd3 18. Qxd3 Bg6 19. Qe2 Qc7 20. Bxc7 1-0

[Event "Titled Tuesday intern op 01st Nov Late"]
[Site "Chess.com INT"]
[Date "2022.11.01"]
[Round "4"]
[White "Mladenovic, Stefan"]
[Black "Daeschler, Florian"]
[Result "1-0"]
[WhiteElo "2351"]
[BlackElo "2214"]
[PlyCount "105"]
[EventDate "2022.11.01"]
[EventType "swiss (blitz)"]
[EventRounds "11"]
[EventCountry "USA"]
[SourceTitle "EXT 2024"]
[Source "ChessBase"]
[SourceDate "2023.10.10"]
[SourceVersion "1"]
[SourceVersionDate "2023.10.10"]
[SourceQuality "1"]

1. d4 f5 2. Nc3 d5 3. Bg5 c6 4. e3 Nd7 5. Bd3 Ndf6 6. h3 Qa5 7. Qf3 e6 8. Nge2 Ne4 9. Bf4 Bb4 10. Bxe4 dxe4 11. Qg3 Kf7 12. Be5 Nf6 13. 0-0 Be7 14. f3 exf3 15. Qxf3 Rf8 16. e4 g6 17. exf5 exf5 18. Nf4 Bd7 19. Rae1 Rae8 20. d5 cxd5 21. Nfxd5 Bc6 22. Bxf6 Bxf6 23. Rxe8 Rxe8 24. b4 Qd8 25. b5 Bxc3 26. bxc6 Bd4+ 27. Kh1 bxc6 28. Nf4 Qd6 29. Rd1 Qf6 30. c3 Be5 31. Rd7+ Re7 32. Rxe7+ Kxe7 33. Nd3 Bxc3 34. Qe3+ Kf8 35. Qxa7 Qe7 36. Qa8+ Kg7 37. Qxc6 Bf6 38. a4 Qa3 39. Qb5 Be7 40. Qe5+ Bf6 41. Qc7+ Kg8 42. Qc4+ Kg7 43. Qc7+ Kg8 44. Qd7 Be7 45. Qe6+ Kf8 46. Ne5 Ke8 47. Qf7+ Kd8 48. Qd5+ Ke8 49. Qf7+ Kd8 50. Nc6+ Kc7 51. Qxe7+ Kxc6 52. Qxa3 Kb6 53. Qb4+ 1-0

[Event "Titled Tuesday intern op 01st Nov Early"]
[Site "Chess.com INT"]
[Date "2022.11.01"]
[Round "3"]
[White "Vaibhav, Jayant Raut"]
[Black "Mladenovic, Stefan"]
[Result "0-1"]
[WhiteElo "2247"]
[BlackElo "2351"]
[PlyCount "106"]
[EventDate "2022.11.01"]
[EventType "swiss (blitz)"]
[EventRounds "11"]
[EventCountry "USA"]
[SourceTitle "EXT 2024"]
[Source "ChessBase"]
[SourceDate "2023.10.10"]
[SourceVersion "1"]
[SourceVersionDate "2023.10.10"]
[SourceQuality "1"]

1. d4 Nf6 2. Nf3 e6 3. Bf4 c5 4. e3 cxd4 5. exd4 b6 6. Nbd2 Bb7 7. c3 Be7 8. Bd3 0-0 9. h3 d6 10. 0-0 Nbd7 11. a4 a6 12. Re1 Re8 13. Bh2 Nf8 14. Qb1 Ng6 15. Ng5 Bf8 16. Nge4 Nd5 17. Bf1 Ndf4 18. Bxf4 Nxf4 19. g3 Ng6 20. Bg2 d5 21. h4 dxe4 22. Nxe4 Rb8 23. h5 Nh8 24. Qd1 f5 25. Nd2 Bxg2 26. Kxg2 Qd5+ 27. Kg1 Nf7 28. Qe2 e5 29. Qxa6 exd4 30. cxd4 Qxd4 31. Nf3 Qxb2 32. Qc4 Qf6 33. Rad1 Bc5 34. Rxe8+ Rxe8 35. Rd7 Qe6 36. Qxe6 Rxe6 37. Rd2 g6 38. hxg6 hxg6 39. Rc2 Ne5 40. Ng5 Rc6 41. Re2 Ng4 42. Nh3 Rd6 43. Kg2 Rd1 44. Rc2 Ra1 45. Nf4 Kf7 46. Nd3 Rxa4 47. Nxc5 bxc5 48. Rxc5 Ra2 49. Kh3 Nxf2+ 50. Kh4 Ne4 51. Rc7+ Kf6 52. Kh3 Ng5+ 53. Kh4 Rh2# 0-1

[Event "Titled Tuesday intern op 15th Feb Late"]
[Site "Chess.com INT"]
[Date "2022.02.15"]
[Round "11"]
[White "Kavyev, Ruslan"]
[Black "Mladenovic, Stefan"]
[Result "1-0"]
[WhiteElo "2295"]
[BlackElo "2332"]
[PlyCount "101"]
[EventDate "2022.02.15"]
[EventType "swiss (blitz)"]
[EventRounds "11"]
[EventCountry "USA"]
[SourceTitle "CBM 206 Extra"]
[Source "ChessBase"]
[SourceDate "2022.03.31"]
[SourceVersion "1"]
[SourceVersionDate "2022.03.31"]
[SourceQuality "1"]

1. d4 Nf6 2. c4 e6 3. g3 d5 4. Nf3 Be7 5. Bg2 0-0 6. Qc2 dxc4 7. Qxc4 Nbd7 8. Bf4 c5 9. 0-0 Nb6 10. Qd3 cxd4 11. Qxd4 Nbd5 12. Nc3 Nxf4 13. gxf4 Qxd4 14. Nxd4 Rb8 15. Rfd1 Bd7 16. Ndb5 a6 17. Nd6 b5 18. Rac1 b4 19. Nce4 Nd5 20. Nc5 Bc6 21. Nxe6 fxe6 22. Rxc6 Nxf4 23. Bf3 Rbd8 24. e3 Nh3+ 25. Kg2 Ng5 26. Bg4 Bxd6 27. Rdxd6 Rxd6 28. Rxd6 Rxf2+ 29. Kxf2 Ne4+ 30. Ke2 Nxd6 31. Bxe6+ Kf8 32. Kd3 Ke7 33. Bg8 h6 34. Kd4 Nf5+ 35. Kc5 g5 36. e4 Nd6 37. e5 Ne4+ 38. Kxb4 g4 39. Bd5 Nf2 40. Ka5 Nd3 41. Kxa6 Nxb2 42. Kb5 Nd3 43. e6 Ne5 44. a4 Kd6 45. a5 Ng6 46. a6 Ne7 47. a7 Nxd5 48. Ka6 Kxe6 49. Kb7 Kd6 50. a8Q h5 51. Qh8 1-0

[Event "Titled Tuesday intern op 15th Feb Late"]
[Site "Chess.com INT"]
[Date "2022.02.15"]
[Round "3"]
[White "Mladenovic, Stefan"]
[Black "Golubenko, Valentina"]
[Result "1-0"]
[WhiteElo "2332"]
[BlackElo "2209"]
[PlyCount "63"]
[EventDate "2022.02.15"]
[EventType "swiss (blitz)"]
[EventRounds "11"]
[EventCountry "USA"]
[SourceTitle "CBM 206 Extra"]
[Source "ChessBase"]
[SourceDate "2022.03.31"]
[SourceVersion "1"]
[SourceVersionDate "2022.03.31"]
[SourceQuality "1"]

1. d4 g6 2. Nf3 Bg7 3. Bf4 c5 4. e3 cxd4 5. exd4 d6 6. h3 Nf6 7. c3 Nc6 8. Be2 0-0 9. 0-0 Re8 10. Bh2 d5 11. Nbd2 a6 12. Re1 b5 13. Qb3 Bf5 14. a4 bxa4 15. Qxa4 Bd7 16. Qa2 a5 17. Nb3 Ne4 18. Bd3 f5 19. Nc5 Nxc5 20. Qxd5+ e6 21. Qxc5 Rc8 22. Ba6 Bf8 23. Bd6 Bxd6 24. Qxd6 Rb8 25. d5 exd5 26. Qxd5+ Kg7 27. Rad1 Re7 28. Rxe7+ Qxe7 29. Qxd7 Qxd7 30. Rxd7+ Kf8 31. Rxh7 Rxb2 32. Bb7 1-0